Géométrie descriptive / (Record no. 159961)
[ view plain ]
| 000 -LEADER | |
|---|---|
| campo de control de longitud fija | 00759nam a22001935i 4500 |
| 001 - NÚMERO DE CONTROL | |
| campo de control | 159961 |
| 003 - IDENTIFICADOR DE NÚMERO DE CONTROL | |
| campo de control | ES-MaACL |
| 005 - FECHA Y HORA DE LA ÚLTIMA TRANSACCIÓN | |
| campo de control | 20230906211909.0 |
| 008 - DATOS DE LONGITUD FIJA--INFORMACIÓN GENERAL | |
| campo de control de longitud fija | 040915s1839 be a |||| | fre d |
| 040 ## - FUENTE DE CATALOGACIÓN | |
| Centro catalogador/agencia de origen | CAM |
| Lengua de catalogación | spa |
| Centro/agencia transcriptor | CAM |
| 100 1# - ENTRADA PRINCIPAL--NOMBRE DE PERSONA | |
| Nombre de persona | Monge, Gaspard. |
| 9 (RLIN) | 130056 |
| 245 10 - MENCIÓN DEL TÍTULO | |
| Título | Géométrie descriptive / |
| Mención de responsabilidad, etc. | par G. Monge; suivie d'une théorie des ombres et de la perspective extraite des papiers de l'auteur par M. Brisson. |
| 250 ## - MENCION DE EDICION | |
| Mención de edición | 7e éd. |
| 260 ## - PUBLICACIÓN, DISTRIBUCIÓN, ETC. | |
| Lugar de publicación, distribución, etc. | Bruxelles : |
| Nombre del editor, distribuidor, etc. | Société Belge de Librairie, |
| Fecha de publicación, distribución, etc. | 1839 ( |
| Fabricante | Imp. de Hauman et c\pe\s - Deltombe, Gérant) |
| 300 ## - DESCRIPCIÓN FÍSICA | |
| Extensión | 266 p., [9] h. de lám. pleg. ; |
| Dimensiones | 19 cm. |
| 650 #4 - PUNTO DE ACCESO ADICIONAL DE MATERIA--TÉRMINO DE MATERIA | |
| Término de materia o nombre geográfico como elemento de entrada | Geometría descriptiva. |
| 9 (RLIN) | 136182 |
| 700 11 - ENTRADA AGREGADA--NOMBRE PERSONAL | |
| Nombre de persona | Brisson, Bernabé. |
| 9 (RLIN) | 126174 |
| 852 ## - LOCALIZACIÓN | |
| Ubicación | ES-MaACL |
| Número de control de estantería | C-3871 |
| Nota libre | -- Enc. pasta española |
| Estatus retirado | Estado de pérdida | Estado de daño | No para préstamo | Colección | Biblioteca de origen | Biblioteca actual | Ubicación en estantería | Fecha de adquisición | Fuente de adquisición | Total de préstamos | Signatura topográfica completa | Código de barras | Visto por última vez | Precio de reemplazo | Tipo de ítem Koha |
|---|---|---|---|---|---|---|---|---|---|---|---|---|---|---|---|
| Libros del s. XIX | Biblioteca del Ateneo de Madrid | Biblioteca del Ateneo de Madrid | Sala Palomar | 17/01/2008 | C-3871 | 1167464 | 23/02/2023 | 23/02/2023 | Libro impreso antiguo |
